Movies A-Z - Statistics

General Stats
  • This quiz has been taken 2,037 times
    1,334 since last reset
  • The average score is 18 of 26
Answer Stats
Letter Hint Year Movie Genre % Correct
A Blue People, Zoe Saldana, 2nd Grossing 2009 Avatar Fantasy
95%
H Hermoine Granger, Wizarding World, Rowling 2001 Harry Potter and the Sorcerer's Stone Fantasy
95%
P Jack Sparrow, Johnny Depp, Orlando Bloom 2003 Pirates of the Caribbean: The Curse of the Black Pearl Action
95%
T 1st Pixar, You Gotta A Friend in Me, Woody 1995 Toy Story Adventure
93%
F Vin Diesel, Car Racing, Cop 2001 Fast and the Furious, the Action
92%
L Hakuna Matata, Rafiki, Evil Uncle 1994 Lion King, the Musical
92%
I 1st MCU, Tony Stark, Cave 2008 Iron Man Superhero
91%
B T'Challa, Wakanda, Andy Serkis 2018 Black Panther Superhero
90%
M Will Smith, Secret Agents, Aliens 1997 Men in Black Sci-Fi
90%
E Will Ferrell, Buddy the ---, Santa Claus 2003 Elf Christmas
89%
J Kirsten Dunst, Board Game, Robin Williams 1995 Jumanji Fantasy
87%
U Doug, Kevin, Hot Air Balloon House 2009 Up Adventure
87%
K Jack Black, Red Panda, Tiger 2008 Kung Fu Panda Comedy
84%
S Spock, Voyager, Original Version 1979 Star Trek: The Motion Picture Sci-Fi
84%
X Adamantium Claws, Senator Kelly, Rogue 2000 X-Men Superhero
73%
G Venkmen, Bill Murray, Slimer 1984 Ghostbusters Comedy
72%
C Not a Spoof, James Bond, 1st Daniel Craig 2006 Casino Royale Espionage
68%
Z Judy Hopps, Bellweather, Cop 2016 Zootopia Adventure
60%
O Jack Nicholson, Nurse Ratched, Classic 1975 One Flew Over the Cuckoo's Nest Drama
57%
V Hugo Weaving, Natalie Portman, Creepy 2005 V for Vendetta Superhero
53%
D Tom Hanks, Ron Howard, Conspiracy Theories 2006 Da Vinci Code, the Mystery
48%
W Warwick Davis, Elf, Val Kilmer 1988 Willow Fantasy
29%
R Bionca, Bernard, Disney Animated 1977 Rescuers, the Adventure
27%
Y Justin Timberlake, Boo Boo, Tom Cavanaugh 2010 Yogi Bear Comedy
18%
N Christian Bale, Kenny Ortega, NYC 1992 Newsies Musical
17%
Q No Pistol, Magnum P.I., Australia 1990 Quigley Down Under Western
14%
No matching quizzes found
Score Distribution
Percent of People with Each Score
Percentile by Number Answered
Your Score History
You have not taken this quiz since the last reset